00504nam a2200145 a 4500008004100000020001500041050001700056100002000073245003100093260004300124300002300167350000900190490005600199490010300255120416s1986 ||||||||||||||||| || u a086531764x aTJ 163.2 Pat aPatrick, Alfred10aEnergy resource assessment aBoulder, [Colo.]bWestview Pressc1986 axiii, 176p. : ill. a0.00 aEnergy Management Training Program monograph series vMonograph series (State University of New York at Stony Brook. Energy Management Training Program)